Golden Panorma (Record no. 1532)

MARC details
000 -LEADER
fixed length control field 00664nam a2200253 a 4500
020 ## - INTERNATIONAL STANDARD BOOK NUMBER
ISBN
082 00 - DEWEY DECIMAL CLASSIFICATION NUMBER
Classification number 297.822
Author Cutter SAI1
100 ## - MAIN ENTRY--AUTHOR NAME
Author name Saifuddin, Syedna Taher
245 ## - TITLE STATEMENT
Title Golden Panorma
Sub title Life and Works of Syedna Taher Saifuddin
260 ## - PUBLICATION, DISTRIBUTION, ETC. (IMPRINT)
Place of publication Bombay
Name of publisher Saifia Educational Trust
Year of publication 0000
300 ## - PHYSICAL DESCRIPTION
Number of Pages 157p
500 ## - GENERAL NOTE
General note includes index and biblioraphy
505 2# - FORMATTED CONTENTS NOTE
Formatted contents note ill
650 ## - SUBJECT ADDED ENTRY--TOPICAL TERM
Topical Term Dawoodi Bohras
650 ## - SUBJECT ADDED ENTRY--TOPICAL TERM
Topical Term Syedna Taher Saifuddin
942 ## - ADDED ENTRY ELEMENTS (KOHA)
Koha item type Books
700 1# -
-- Saifuddin, Syedna Taher
Holdings
Collection code Home library Current library Date acquired Cost, normal purchase price Full call number Accession Number Koha item type
  Henry Martyn Institute Library Henry Martyn Institute Library 06/29/2007 100.00 297.822 SAI1 03413 Books
                   Copyright © 2026 | Henry Martyn Institute | Hyderabad | TS-500052 | INDIA | Implemented by hmi.edu.in
Hit-Count:

Powered by Koha